<?xml version="1.0" encoding="UTF-8"?>
<marc:record xmlns:marc="http://www.loc.gov/MARC21/slim">
   <marc:leader>00000nam a2200000 a 4500</marc:leader>
   <marc:datafield ind1="1" ind2=" " tag="100">
      <marc:subfield code="a">Egner, Benjamin</marc:subfield>
   </marc:datafield>
   <marc:datafield ind1="1" ind2=" " tag="100">
      <marc:subfield code="a">Gosset-Bernheim, Eleonore</marc:subfield>
   </marc:datafield>
   <marc:datafield ind1="1" ind2=" " tag="100">
      <marc:subfield code="a">Gob, Nicolas</marc:subfield>
   </marc:datafield>
   <marc:datafield ind1="1" ind2=" " tag="100">
      <marc:subfield code="a">Bennett, Elsa</marc:subfield>
   </marc:datafield>
   <marc:datafield ind1="1" ind2=" " tag="100">
      <marc:subfield code="a">Brient, Chris</marc:subfield>
   </marc:datafield>
   <marc:datafield ind1=" " ind2=" " tag="653">
      <marc:subfield code="a">Mord</marc:subfield>
   </marc:datafield>
   <marc:datafield ind1=" " ind2=" " tag="653">
      <marc:subfield code="a">Kunst</marc:subfield>
   </marc:datafield>
   <marc:datafield ind1=" " ind2=" " tag="653">
      <marc:subfield code="a">Frankreich</marc:subfield>
   </marc:datafield>
   <marc:datafield ind1=" " ind2=" " tag="653">
      <marc:subfield code="a">Historikerin</marc:subfield>
   </marc:datafield>
   <marc:datafield ind1=" " ind2=" " tag="653">
      <marc:subfield code="a">Gemälde</marc:subfield>
   </marc:datafield>
   <marc:datafield ind1=" " ind2=" " tag="653">
      <marc:subfield code="a">Restaurator</marc:subfield>
   </marc:datafield>
   <marc:datafield ind1=" " ind2=" " tag="653">
      <marc:subfield code="a">Raub</marc:subfield>
   </marc:datafield>
   <marc:datafield ind1=" " ind2=" " tag="653">
      <marc:subfield code="a">Polizei</marc:subfield>
   </marc:datafield>
   <marc:datafield ind1=" " ind2=" " tag="653">
      <marc:subfield code="a">Kriminalität</marc:subfield>
   </marc:datafield>
   <marc:datafield ind1="0" ind2="0" tag="245">
      <marc:subfield code="a">The Art of Crime</marc:subfield>
   </marc:datafield>
   <marc:datafield ind1="0" ind2="0" tag="245">
      <marc:subfield code="b">die komplette 3. Staffel</marc:subfield>
   </marc:datafield>
   <marc:datafield ind1="0" ind2="0" tag="245">
      <marc:subfield code="c">Regie: Chris Brient, Elsa Bennett, Hipplyte Dard. Darst.: Nicolas Gob, Éléonore Gosset-Bernheim, Benjamin Egner u.a.</marc:subfield>
   </marc:datafield>
   <marc:datafield ind1=" " ind2="1" tag="264">
      <marc:subfield code="b">Alive</marc:subfield>
      <marc:subfield code="c">2022</marc:subfield>
   </marc:datafield>
   <marc:datafield ind1="1" ind2=" " tag="490">
      <marc:subfield code="a">¬The¬ Art of Crime</marc:subfield>
      <marc:subfield code="v">03</marc:subfield>
   </marc:datafield>
   <marc:datafield ind1="1" ind2=" " tag="520">
      <marc:subfield code="a">Der in Ungnade gefallene Kriminalbeamte Antoine Verlay ermittelt für eine Abteilung der französischen Polizei, die sich mit illegalem Kunsthandel beschäftigt. Weil er jedoch keinerlei Kenntnisse im Bereich der Malerei hat, muss er auf die Hilfe der Kunsthistorikerin Florence Chassagne zurückgreifen. In ihrem ersten gemeinsamen Fall geht es um ein verschwundenes Gemälde und einen Toten im Schlosspark. Ist ein verschollenes Werk des großen Meisters Leonardo Da Vinci das Tatmotiv? Episoden: 1. Der Da Vinci Code (1) (Une beauté faite au naturel - Partie 1) / 2. Der Da Vinci Code (2) (Une beauté faite au naturel - Partie 2) / 3. Ein galanter Tod (1) (Une mort galante - Partie 1) / 4. Ein galanter Tod (2) (Une mort galante - Partie 2) / 5. Ein dunkles Werk (1) (Une uvre au noir - Partie 1) / 6. Ein dunkles Werk (2) (Une uvre au noir - Partie 2) Diese fesselnde französische Serie verbindet eine spannende Kriminalhandlung mit einem Werk der Kunstgeschichte. Je ein berühmtes Gemälde großer Meister wie Da Vinci, Monet oder Bosch steht im Mittelpunkt eines Falls und gibt die entscheidenden Hinweise zur jeweiligen Auflösung. Das originelle Konzept der Reihe wurde in Luchon mit dem Zuschauerpreis für die Beste Serie ausgezeichnet.</marc:subfield>
   </marc:datafield>
   <marc:datafield ind1=" " ind2=" " tag="020">
      <marc:subfield code="a">4260696731121</marc:subfield>
      <marc:subfield code="9">4260696731121</marc:subfield>
   </marc:datafield>
   <marc:datafield ind1="0" ind2=" " tag="490">
      <marc:subfield code="v">0</marc:subfield>
   </marc:datafield>
   <marc:datafield ind1=" " ind2=" " tag="300">
      <marc:subfield code="a">2 DVD´s : ca: 310 Min.</marc:subfield>
   </marc:datafield>
</marc:record>
